000 00736nam a2200241 a 4500
001 35907
003 BD-RjUL
005 20211209052411.0
008 140611s1966 enka b 001 0 eng d
035 _a(BD-RjUL036003
040 _aOUN
_dEQO
_dEQO
_dBD-RjUL
_cBD-RjUL
_beng
041 _aeng
082 _a320
_bWIP 1966
100 1 _aWiseman, H. Victor
_q(Herbert Victor).
_9109335
245 1 0 _aPolitical systems :
_bsome sociological approaches /
_cH. V. Wiseman.
260 _aLondon :
_bRoutledge & Kegan Paul,
_c1966.
300 _aix, 254 p. :
_bills. ;
_c23 cm.
504 _aBibliography: p. 249-252. - Includes index.
650 0 _aPolitical science.
_9109336
942 _2ddc
_cBK
999 _c35907
_d35907